[Event "FRA T II 20102011"]
[Site "FRA"]
[Date "2010.11.14"]
[Round "3.1"]
[White "Ricbour, Jeremy"]
[Black "Verat, Laurent"]
[Result "1/2-1/2"]
[WhiteElo "2190"]
[BlackElo "2344"]
[PlyCount "72"]
[EventDate "2010.11.13"]
[EventType "team-match"]
[EventRounds "9"]
[EventCountry "FRA"]
[Source "FFE"]
[SourceDate "2010.10.29"]
[BlackTeamCountry "FRA"]

1. Nf3 Nf6 2. c4 e6 3. b3 b6 4. Bb2 Bb7 5. e3 d5 6. Be2 Bd6 7. O-O O-O 8. d3
Nbd7 9. Nbd2 Qe7 10. Qc2 c5 11. Rad1 Rac8 12. Qb1 Rfe8 13. Rfe1 Bb8 14. Nf1 e5
15. cxd5 Nxd5 16. Ng3 N7f6 17. Nd2 Rcd8 18. Bf3 Nb4 19. Nde4 Ba6 20. Nxf6+ Qxf6
21. Be4 Qg5 22. d4 exd4 23. exd4 h5 24. Nf5 Bc8 25. dxc5 Rxd1 26. Rxd1 Bxf5 27.
Bxf5 bxc5 28. a3 Na6 29. Qd3 Nc7 30. g3 Ne6 31. h4 Qe7 32. Re1 Qd6 33. Qc3 Re7
34. Qe3 Kf8 35. Bxe6 Rxe6 36. Qc3 Rxe1+ 1/2-1/2

[Event "FRA T II 20102011"]
[Site "FRA"]
[Date "2010.11.14"]
[Round "3.3"]
[White "Come, Alexandre"]
[Black "Bilquez, Romain"]
[Result "0-1"]
[WhiteElo "2191"]
[BlackElo "2092"]
[PlyCount "51"]
[EventDate "2010.11.13"]
[EventType "team-match"]
[EventRounds "9"]
[EventCountry "FRA"]
[Source "FFE"]
[SourceDate "2010.10.29"]
[BlackTeamCountry "FRA"]

1. e4 e6 2. b3 d5 3. Bb2 Nf6 4. e5 Nfd7 5. f4 c5 6. Nf3 b6 7. g3 Ba6 8. d3 Nc6
9. Bg2 Qc7 10. O-O Be7 11. Nbd2 O-O-O 12. Qe2 b5 13. c4 bxc4 14. bxc4 Nb6 15.
a4 dxc4 16. dxc4 Nd4 17. Nxd4 cxd4 18. Rfc1 d3 19. Qe4 Bb7 20. Qxb7+ Qxb7 21.
Bxb7+ Kxb7 22. c5 Nd7 23. Ba3 Kc6 24. Kf2 Rb8 25. Kf3 a6 26. Rc4 0-1

[Event "FRA T II 20102011"]
[Site "FRA"]
[Date "2010.11.14"]
[Round "3.5"]
[White "Aveline, Philippe"]
[Black "Cavelius, Pierre"]
[Result "0-1"]
[WhiteElo "2149"]
[BlackElo "2044"]
[PlyCount "42"]
[EventDate "2010.11.13"]
[EventType "team-match"]
[EventRounds "9"]
[EventCountry "FRA"]
[Source "FFE"]
[SourceDate "2010.10.29"]
[BlackTeamCountry "FRA"]

1. e4 e6 2. d4 d5 3. Nc3 Bb4 4. e5 c5 5. a3 Bxc3+ 6. bxc3 Qc7 7. Nf3 Nc6 8. Be2
Bd7 9. O-O Nge7 10. a4 f6 11. exf6 gxf6 12. Ba3 c4 13. Re1 O-O-O 14. a5 Rhg8
15. Qc1 Nf5 16. Qb2 Nxa5 17. Reb1 b6 18. Kh1 Rg6 19. Qa2 Rdg8 20. g3 Rh6 21.
Bc1 Nxg3+ 0-1

[Event "FRA T II 20102011"]
[Site "FRA"]
[Date "2010.11.14"]
[Round "3.6"]
[White "Bulcourt, Nicolas"]
[Black "Libens, Michel"]
[Result "0-1"]
[WhiteElo "1959"]
[BlackElo "2147"]
[PlyCount "68"]
[EventDate "2010.11.13"]
[EventType "team-match"]
[EventRounds "9"]
[EventCountry "FRA"]
[Source "FFE"]
[SourceDate "2010.10.29"]
[BlackTeamCountry "FRA"]

1. d4 Nf6 2. Bf4 c5 3. e3 e6 4. c3 b6 5. Nd2 cxd4 6. exd4 Bb7 7. Ngf3 Be7 8.
Bd3 O-O 9. O-O Nh5 10. Be3 f5 11. Ne5 Qe8 12. Be2 Nf6 13. Bf3 Bd5 14. c4 Bxf3
15. Qxf3 Nc6 16. Nxc6 dxc6 17. Bf4 Qd7 18. Nb3 Ne4 19. Qe3 Rae8 20. f3 Nd6 21.
Rac1 Nf7 22. Rfd1 g5 23. Be5 Nxe5 24. dxe5 Qc8 25. Kh1 Rd8 26. Nd4 Rd7 27. Re1
Bb4 28. Qxg5+ Rg7 29. Qe3 Bxe1 30. Rxe1 Rd8 31. Ne2 Qd7 32. Nf4 Qd2 33. Qxd2
Rxd2 34. Nxe6 Re7 0-1

[Event "FRA T II 20102011"]
[Site "FRA"]
[Date "2010.11.14"]
[Round "3.7"]
[White "Guerin, Francois"]
[Black "Szwedkowski, Sylvain"]
[Result "1/2-1/2"]
[WhiteElo "2093"]
[BlackElo "1936"]
[PlyCount "100"]
[EventDate "2010.11.13"]
[EventType "team-match"]
[EventRounds "9"]
[EventCountry "FRA"]
[Source "FFE"]
[SourceDate "2010.10.29"]
[BlackTeamCountry "FRA"]

1. e4 e5 2. Nf3 Nc6 3. Bb5 a6 4. Bxc6 dxc6 5. O-O f6 6. d4 exd4 7. Nxd4 c5 8.
Ne2 Qxd1 9. Rxd1 Bd7 10. Be3 O-O-O 11. Nbc3 Bd6 12. Nd5 Ne7 13. Nxe7+ Bxe7 14.
Nf4 Bd6 15. Nd3 c4 16. Nc5 Bxc5 17. Bxc5 Be6 18. f3 Rxd1+ 19. Rxd1 Rd8 20.
Rxd8+ Kxd8 21. Kf2 Kd7 22. Ke3 b6 23. Bf8 g6 24. Kd4 c5+ 25. Ke3 Ke8 26. Bg7
Ke7 27. h4 h5 28. Kf4 b5 29. c3 Kf7 30. Bh8 Ke7 31. g4 hxg4 32. fxg4 b4 33. Bg7
bxc3 34. bxc3 Kf7 35. Bh8 Ke7 36. g5 fxg5+ 37. Kxg5 Kf7 38. Be5 Bd7 39. Bd6 Bc6
40. Kf4 Ba4 41. Ke5 Bc2 42. Kd5 Bb1 43. a3 a5 44. e5 Ba2 45. Bxc5 a4 46. e6+
Ke8 47. Kd4 Bb3 48. Ke4 Bc2+ 49. Ke5 Bb1 50. Bd4 Bc2 1/2-1/2

[Event "FRA T II 20102011"]
[Site "FRA"]
[Date "2010.11.14"]
[Round "3.8"]
[White "Mourgues, Joelle"]
[Black "Bellido, Sonia"]
[Result "0-1"]
[WhiteElo "1796"]
[BlackElo "1540"]
[PlyCount "108"]
[EventDate "2010.11.13"]
[EventType "team-match"]
[EventRounds "9"]
[EventCountry "FRA"]
[Source "FFE"]
[SourceDate "2010.10.29"]
[BlackTeamCountry "FRA"]

1. Nf3 Nf6 2. g3 g6 3. Bg2 Bg7 4. d3 d6 5. Nbd2 O-O 6. e4 e5 7. O-O Bg4 8. Qe1
Qc8 9. Nc4 Bh3 10. Ne3 Nc6 11. c3 Ne7 12. Qe2 Rb8 13. Rd1 h6 14. Nh4 Kh7 15.
Kh1 a5 16. f4 exf4 17. gxf4 Bxg2+ 18. Qxg2 b5 19. Rg1 Qe8 20. Nef5 Nfg8 21. Be3
Nxf5 22. Nxf5 Ne7 23. Nxg7 Kxg7 24. f5 Kh7 25. f6 Ng8 26. Raf1 Rc8 27. Qg4 c5
28. Rg3 Rc6 29. Qh4 Qe5 30. Bxh6 Nxh6 31. Rf5 Qxg3 32. hxg3 gxf5 33. Kh2 Rg8
34. exf5 Rg4 35. Qh3 Rc8 36. Qg2 Rcg8 37. c4 Rxg3 38. Qxg3 Rxg3 39. Kxg3 Nxf5+
40. Kf4 Nd4 41. Ke4 Kg6 42. Kd5 bxc4 43. dxc4 Nf5 44. Ke4 Kxf6 45. Kf4 Nd4 46.
Ke4 Ke6 47. Kf4 f5 48. b3 Ne2+ 49. Ke3 Nc3 50. a3 d5 51. cxd5+ Nxd5+ 52. Kd3
Ke5 53. a4 f4 54. Ke2 Ke4 0-1

[Event "FRA T II 20102011"]
[Site "FRA"]
[Date "2010.11.14"]
[Round "3.1"]
[White "Jessel, Stephen"]
[Black "Colliou, Yannick"]
[Result "1/2-1/2"]
[WhiteElo "2293"]
[BlackElo "2233"]
[PlyCount "89"]
[EventDate "2010.11.13"]
[EventType "team-match"]
[EventRounds "9"]
[EventCountry "FRA"]
[Source "FFE"]
[SourceDate "2010.10.29"]
[BlackTeamCountry "FRA"]

1. Nf3 d5 2. c4 c6 3. g3 Nf6 4. Bg2 Bf5 5. cxd5 cxd5 6. Qb3 Qd7 7. Ne5 Qc7 8.
Nc3 e6 9. d4 Nc6 10. Qa4 Qb6 11. Nxc6 bxc6 12. O-O h6 13. Qd1 Be7 14. Na4 Qb5
15. b3 O-O 16. Bb2 Rac8 17. Rc1 Nd7 18. e3 c5 19. dxc5 Nxc5 20. Nxc5 Bxc5 21.
Qd2 Rc6 22. b4 Be7 23. Rxc6 Qxc6 24. Rc1 Qb7 25. a3 Rb8 26. Be5 Rc8 27. Rxc8+
Qxc8 28. Qc3 Qxc3 29. Bxc3 Bd3 30. f4 f6 31. Kf2 Kf7 32. Ke1 Bd6 33. Kd2 Bc4
34. e4 g5 35. Ke3 f5 36. exd5 exd5 37. Be5 Bf8 38. fxg5 hxg5 39. h4 Ke6 40. Kd4
gxh4 41. gxh4 a5 42. bxa5 Bxa3 43. Bf4 Bb4 44. a6 Bxa6 45. Be5 1/2-1/2

[Event "FRA T II 20102011"]
[Site "FRA"]
[Date "2010.11.14"]
[Round "3.2"]
[White "Chouquet, Adrien"]
[Black "Cheymol, Eric"]
[Result "1/2-1/2"]
[WhiteElo "2194"]
[BlackElo "2183"]
[PlyCount "72"]
[EventDate "2010.11.13"]
[EventType "team-match"]
[EventRounds "9"]
[EventCountry "FRA"]
[Source "FFE"]
[SourceDate "2010.10.29"]
[BlackTeamCountry "FRA"]

1. Nf3 d5 2. e3 Bg4 3. b3 Nf6 4. Bb2 Nbd7 5. Be2 g6 6. Ne5 Bxe2 7. Qxe2 c6 8.
Nxd7 Qxd7 9. Bxf6 exf6 10. d4 f5 11. O-O Bg7 12. Qf3 O-O 13. Nd2 Rad8 14. b4
Rfe8 15. Nb3 Bf8 16. c3 Bd6 17. g3 Qe7 18. a4 Qf6 19. Na5 Rd7 20. b5 Re4 21.
Nb3 h5 22. Nd2 Re8 23. Rfe1 Kg7 24. c4 Bb4 25. Red1 c5 26. cxd5 cxd4 27. Nf1
Bc5 28. exd4 Bxd4 29. Ra3 Red8 30. Ne3 Bxe3 31. Rxe3 h4 32. Red3 hxg3 33. hxg3
b6 34. Kg2 Rd6 35. Rd4 Rh8 36. Rc4 Rhd8 1/2-1/2

[Event "FRA T II 20102011"]
[Site "FRA"]
[Date "2010.11.14"]
[Round "3.3"]
[White "Deslandes, Pascal"]
[Black "Hure, Damien"]
[Result "1-0"]
[WhiteElo "2282"]
[BlackElo "2192"]
[PlyCount "117"]
[EventDate "2010.11.13"]
[EventType "team-match"]
[EventRounds "9"]
[EventCountry "FRA"]
[Source "FFE"]
[SourceDate "2010.10.29"]
[BlackTeamCountry "FRA"]

1. e4 c5 2. c3 Nf6 3. e5 Nd5 4. d4 cxd4 5. cxd4 e6 6. Nf3 d6 7. a3 Bd7 8. Bd3
Be7 9. O-O Qb6 10. Nc3 Bc6 11. Ne4 dxe5 12. dxe5 Nd7 13. Qe2 Nc5 14. Nxc5 Bxc5
15. b4 Bd4 16. Nxd4 Qxd4 17. Bb2 Qh4 18. g3 Qh3 19. Be4 a6 20. Rfe1 O-O 21.
Rac1 Rac8 22. Bd4 Rfd8 23. Bc5 b6 24. Bd4 b5 25. Bc5 h5 26. f4 g6 27. Bd6 Nc3
28. Rxc3 Bxe4 29. Rxc8 Rxc8 30. Qxe4 h4 31. Qg2 Qf5 32. Bc5 Rd8 33. Qe2 hxg3
34. hxg3 Qh3 35. Bf2 Kg7 36. Rd1 Rh8 37. Qf3 Qf5 38. g4 Qc2 39. Kg2 Rc8 40. Qd3
Qa2 41. f5 gxf5 42. gxf5 exf5 43. Qg3+ Kf8 44. Kg1 Qe2 45. Re1 Qg4 46. Qxg4
fxg4 47. Bc5+ Kg7 48. Re4 Kg6 49. Rf4 Rh8 50. Kg2 Rh7 51. Rf6+ Kg7 52. Rxa6 Rh3
53. a4 bxa4 54. b5 Rb3 55. b6 Rb5 56. Bd4 Rb4 57. e6+ Rxd4 58. e7 Re4 59. b7
1-0

[Event "FRA T II 20102011"]
[Site "FRA"]
[Date "2010.11.14"]
[Round "3.4"]
[White "Mouhamad, Joachin"]
[Black "Castaignet, Laurent"]
[Result "0-1"]
[WhiteElo "2087"]
[BlackElo "2174"]
[PlyCount "74"]
[EventDate "2010.11.13"]
[EventType "team-match"]
[EventRounds "9"]
[EventCountry "FRA"]
[Source "FFE"]
[SourceDate "2010.10.29"]
[BlackTeamCountry "FRA"]

1. e4 c5 2. Nf3 e6 3. d4 cxd4 4. c3 dxc3 5. Nxc3 Nc6 6. Bc4 a6 7. O-O Nge7 8.
Bg5 f6 9. Bh4 Ng6 10. Bg3 b5 11. Bb3 Be7 12. Qe2 O-O 13. Rfd1 Qb6 14. Rac1 Kh8
15. Bc2 Nge5 16. Bb1 Nxf3+ 17. Qxf3 Ne5 18. Qe2 Bb7 19. Kh1 Bc6 20. f4 Nf7 21.
Nd5 Qd8 22. Nxf6 Rc8 23. Rxc6 Rxc6 24. Nxd7 Re8 25. Ne5 Nxe5 26. Rxd8 Rxd8 27.
Bc2 Nc4 28. Be1 Nxb2 29. h4 Rdc8 30. Bb3 Rc1 31. Kh2 Nc4 32. e5 Rd8 33. Qe4 Bc5
34. Bg3 Nd2 35. Qb7 Nf1+ 36. Kh1 Nxg3+ 37. Kh2 Bf2 0-1

[Event "FRA T II 20102011"]
[Site "FRA"]
[Date "2010.11.14"]
[Round "3.5"]
[White "Large, Laurent"]
[Black "Le Clezio, Sylvain"]
[Result "1-0"]
[WhiteElo "2242"]
[BlackElo "2040"]
[PlyCount "57"]
[EventDate "2010.11.13"]
[EventType "team-match"]
[EventRounds "9"]
[EventCountry "FRA"]
[Source "FFE"]
[SourceDate "2010.10.29"]
[BlackTeamCountry "FRA"]

1. d4 Nf6 2. Bg5 Ne4 3. Bf4 g6 4. f3 Nf6 5. e4 d6 6. Nc3 c6 7. Qd2 b5 8. O-O-O
b4 9. Nce2 Qa5 10. Kb1 Nbd7 11. Nc1 e5 12. dxe5 dxe5 13. Bg5 Rb8 14. Bc4 Ba6
15. Bxa6 Qxa6 16. g4 Qb7 17. h4 h5 18. gxh5 Rxh5 19. Nge2 c5 20. Ng3 Rh7 21. f4
c4 22. fxe5 c3 23. Qf4 cxb2 24. Nb3 Nh5 25. Nxh5 Rxh5 26. e6 fxe6 27. Rxd7 Qxd7
28. Qxb8+ Kf7 29. Rf1+ 1-0

[Event "FRA T II 20102011"]
[Site "FRA"]
[Date "2010.11.14"]
[Round "3.6"]
[White "Legrand, Stephane"]
[Black "Bonnaud, Remy"]
[Result "1/2-1/2"]
[WhiteElo "2134"]
[BlackElo "2163"]
[PlyCount "90"]
[EventDate "2010.11.13"]
[EventType "team-match"]
[EventRounds "9"]
[EventCountry "FRA"]
[Source "FFE"]
[SourceDate "2010.10.29"]
[BlackTeamCountry "FRA"]

1. d4 d5 2. c4 c6 3. Nf3 Nf6 4. Nc3 dxc4 5. a4 Bf5 6. Nh4 Bc8 7. Nf3 Bf5 8. Nh4
Bc8 9. e3 e5 10. Bxc4 exd4 11. exd4 Be7 12. O-O O-O 13. Qd3 a5 14. Nf3 Na6 15.
Re1 Nb4 16. Qe2 Bd6 17. Ne4 Bf5 18. Nxd6 Qxd6 19. Qe5 Qd7 20. Bg5 Rfe8 21. Qg3
Ne4 22. Rxe4 Rxe4 23. Ne5 Qxd4 24. Bf6 Rg4 25. Bxf7+ Kh8 26. Nxg4 Qxg4 27. Qxg4
Bxg4 28. Bc3 Rd8 29. Bb3 h6 30. h3 Bf5 31. Re1 Rd7 32. Re5 Bc2 33. Bxc2 Nxc2
34. Rxa5 Kg8 35. Ra7 Nd4 36. Kf1 h5 37. Ra5 g6 38. Re5 Kf7 39. g4 hxg4 40. hxg4
Nf3 41. Re3 Nh2+ 42. Kg2 Nxg4 43. Rf3+ Ke6 44. Kg3 Ne5 45. Rf8 Nf7 1/2-1/2

[Event "FRA T II 20102011"]
[Site "FRA"]
[Date "2010.11.14"]
[Round "3.7"]
[White "Glod, Philippe"]
[Black "Valin, Clement"]
[Result "1-0"]
[WhiteElo "2173"]
[BlackElo "2033"]
[PlyCount "73"]
[EventDate "2010.11.13"]
[EventType "team-match"]
[EventRounds "9"]
[EventCountry "FRA"]
[Source "FFE"]
[SourceDate "2010.10.29"]
[BlackTeamCountry "FRA"]

1. e4 e6 2. d4 d5 3. e5 c5 4. c3 Nc6 5. Nf3 Qb6 6. a3 c4 7. Nbd2 Na5 8. Be2 f5
9. O-O Bd7 10. Rb1 Rc8 11. Kh1 Be7 12. Ng1 Nb3 13. Nxb3 Ba4 14. Nh3 Bxb3 15.
Qe1 Qd8 16. Bd1 a5 17. Qe2 a4 18. g4 g6 19. gxf5 gxf5 20. Bxb3 axb3 21. Qh5+
Kd7 22. Qf7 Qe8 23. Ng5 Rc6 24. Qg7 Qh5 25. f3 Nh6 26. Qxh8 Bxg5 27. Bxg5 Nf7
28. Qg7 Rc8 29. Bd2 Kc6 30. Rf2 h6 31. Rg1 Rh8 32. Qg6 Qh4 33. Qxe6+ Kb5 34.
Qxd5+ Ka4 35. Qxc4+ Ka5 36. Qd5+ Ka4 37. c4 1-0

[Event "FRA T II 20102011"]
[Site "FRA"]
[Date "2010.11.14"]
[Round "3.1"]
[White "Desbonnes, Samy"]
[Black "Bekkat, Azeddine"]
[Result "1/2-1/2"]
[WhiteElo "2314"]
[BlackElo "2196"]
[PlyCount "109"]
[EventDate "2010.11.13"]
[EventType "team-match"]
[EventRounds "9"]
[EventCountry "FRA"]
[Source "FFE"]
[SourceDate "2010.10.29"]
[BlackTeamCountry "FRA"]

1. e4 c5 2. Nf3 d6 3. d4 cxd4 4. Nxd4 Nf6 5. Nc3 g6 6. Be2 Bg7 7. O-O O-O 8.
Re1 Nc6 9. Nb3 Be6 10. Bf1 Rc8 11. Nd5 Ne5 12. a4 Nc4 13. a5 Qd7 14. c3 Rfe8
15. Nf4 Red8 16. Nxe6 Qxe6 17. Ra4 Ne5 18. Nd4 Qd7 19. Bb5 Qc7 20. a6 b6 21. f4
Ned7 22. Nc6 Nc5 23. Rc4 d5 24. exd5 Rxd5 25. Qe2 e6 26. b4 Qd6 27. bxc5 bxc5
28. Nxa7 Rc7 29. Nc6 Rxc6 30. Bxc6 Qxc6 31. a7 Qa6 32. Be3 Qxa7 33. Qb2 Ng4 34.
h3 Nxe3 35. Rxe3 Bf6 36. Re1 Qa6 37. Qb3 Rd2 38. Ra4 Qc6 39. Rae4 Rd3 40. R1e3
Rxc3 41. Qb8+ Kg7 42. Kh2 Rxe3 43. Rxe3 Qd5 44. Ra3 Be7 45. Ra8 Bd6 46. Qh8+
Kh6 47. Ra4 Qf5 48. Kh1 Qc2 49. Ra1 Qe4 50. Rf1 Qd4 51. Qg8 Qc4 52. Kg1 Qd4+
53. Kh1 Qc4 54. Kg1 Qd4+ 55. Kh1 1/2-1/2

[Event "FRA T II 20102011"]
[Site "FRA"]
[Date "2010.11.14"]
[Round "3.2"]
[White "Regoli, Stephane"]
[Black "Gervais, Victor"]
[Result "1-0"]
[WhiteElo "2257"]
[BlackElo "2322"]
[PlyCount "75"]
[EventDate "2010.11.13"]
[EventType "team-match"]
[EventRounds "9"]
[EventCountry "FRA"]
[Source "FFE"]
[SourceDate "2010.10.29"]
[BlackTeamCountry "FRA"]

1. e4 e6 2. d4 d5 3. Nd2 Nf6 4. e5 Nfd7 5. Bd3 c5 6. c3 Nc6 7. Ne2 Be7 8. O-O
g5 9. Bb1 b5 10. f4 Qb6 11. Nf3 g4 12. Ne1 b4 13. Rf2 Ba6 14. Be3 bxc3 15. bxc3
Qa5 16. Bd3 Nb6 17. Bxa6 Qxa6 18. f5 Nc4 19. Bc1 cxd4 20. cxd4 Qb6 21. fxe6
fxe6 22. Nc2 Kd7 23. Bh6 Rab8 24. Nf4 Rhg8 25. Qd3 N4xe5 26. dxe5 Nxe5 27. Qxh7
Rh8 28. Qg7 Qb2 29. Re1 Rxh6 30. Qxh6 Bc5 31. Qxe6+ Kc7 32. Qxe5+ Qxe5 33. Rxe5
Kc6 34. Nd3 g3 35. hxg3 Bxf2+ 36. Kxf2 Kd6 37. g4 Rc8 38. Ne3 1-0

[Event "FRA T II 20102011"]
[Site "FRA"]
[Date "2010.11.14"]
[Round "3.4"]
[White "Dicko, Henri"]
[Black "Adyel, Samir"]
[Result "1/2-1/2"]
[WhiteElo "2205"]
[BlackElo "2156"]
[PlyCount "111"]
[EventDate "2010.11.13"]
[EventType "team-match"]
[EventRounds "9"]
[EventCountry "FRA"]
[Source "FFE"]
[SourceDate "2010.10.29"]
[BlackTeamCountry "FRA"]

1. e4 c6 2. d4 d5 3. f3 e5 4. dxe5 Bc5 5. Nc3 Qb6 6. Na4 Qa5+ 7. c3 Bxg1 8.
Rxg1 dxe4 9. Qd4 Ne7 10. Bg5 Nd7 11. Bxe7 Kxe7 12. e6 Nf6 13. exf7 Rd8 14. Qc5+
Qxc5 15. Nxc5 exf3 16. gxf3 Kxf7 17. Bc4+ Kf8 18. Rd1 Re8+ 19. Kf2 b6 20. Ne4
Nxe4+ 21. fxe4 Rxe4 22. Be2 Rh4 23. Kg3 Rh3+ 24. Kg2 Rh6 25. Rgf1+ Ke7 26. Rf3
Be6 27. Re3 Kf7 28. Bf3 Re8 29. Bxc6 Bh3+ 30. Rxh3 Rxc6 31. Rd7+ Kg8 32. Rg3 g6
33. Rf3 Re2+ 34. Rf2 Rxf2+ 35. Kxf2 Rf6+ 36. Ke3 Rf7 37. Rxf7 Kxf7 38. Kf4 Kf6
39. c4 h6 40. b4 Ke6 41. Ke4 Kd6 42. Kd4 Ke6 43. a3 Kd6 44. Ke4 Ke6 45. h3 g5
46. a4 h5 47. Kd4 Kd6 48. Ke4 a5 49. bxa5 bxa5 50. Kf5 g4 51. hxg4 hxg4 52.
Kxg4 Kc5 53. Kf3 Kxc4 54. Ke3 Kb3 55. Kd3 Kxa4 56. Kc2 1/2-1/2

[Event "FRA T II 20102011"]
[Site "FRA"]
[Date "2010.11.14"]
[Round "3.5"]
[White "Lebrun, Benoit"]
[Black "Bousmaha, Abderahmane"]
[Result "1-0"]
[WhiteElo "2154"]
[BlackElo "2093"]
[PlyCount "70"]
[EventDate "2010.11.13"]
[EventType "team-match"]
[EventRounds "9"]
[EventCountry "FRA"]
[Source "FFE"]
[SourceDate "2010.10.29"]
[BlackTeamCountry "FRA"]

1. e4 c5 2. Nc3 Nc6 3. g3 g6 4. Bg2 Bg7 5. d3 d6 6. Be3 e6 7. Qd2 Nd4 8. Nd1 e5
9. c3 Ne6 10. Nh3 h6 11. f4 Ne7 12. O-O f5 13. a3 d5 14. exd5 Nxd5 15. fxe5 g5
16. Rxf5 Nef4 17. Nxf4 gxf4 18. Rxf4 Nxf4 19. Bxf4 Qb6 20. Bd5 Bd7 21. Ne3 Bb5
22. a4 Qa6 23. c4 Bd7 24. Qg2 O-O-O 25. Rb1 Rde8 26. b4 cxb4 27. Rxb4 b6 28. d4
Qa5 29. Bb7+ Kd8 30. Nd5 Bf8 31. Rb1 Qxa4 32. Rc1 b5 33. Nf6 Ba3 34. Ra1 b4 35.
Qd5 Re6 1-0

[Event "FRA T II 20102011"]
[Site "FRA"]
[Date "2010.11.14"]
[Round "3.6"]
[White "Mehaibia, Azzedine"]
[Black "Henry, Tony"]
[Result "1/2-1/2"]
[WhiteElo "2175"]
[BlackElo "2064"]
[PlyCount "89"]
[EventDate "2010.11.13"]
[EventType "team-match"]
[EventRounds "9"]
[EventCountry "FRA"]
[Source "FFE"]
[SourceDate "2010.10.29"]
[BlackTeamCountry "FRA"]

1. e4 c5 2. Nf3 Nc6 3. d4 cxd4 4. Nxd4 g6 5. c4 Bg7 6. Be3 Nf6 7. Nc3 O-O 8.
Be2 d6 9. Rc1 Bd7 10. Qd2 Nxd4 11. Bxd4 Qa5 12. f3 Qh5 13. O-O Be6 14. Nd5 Bxd5
15. cxd5 Nxe4 16. fxe4 Bxd4+ 17. Qxd4 Qxe2 18. Rf2 Qg4 19. h3 Qd7 20. e5 dxe5
21. Qxe5 Rac8 22. Rd1 Qd6 23. Qd4 a6 24. Re2 Rc7 25. Kh1 Rfc8 26. Qe3 e6 27.
Qh6 exd5 28. Rde1 Qf8 29. Qf4 Rd7 30. Qd4 h6 31. Re5 Qg7 32. b3 Kh7 33. Rd1
Rcd8 34. a4 Qf6 35. b4 Qc6 36. Qf4 Qc4 37. Rd4 Qc7 38. Qf6 Rd6 39. Qf3 Rc6 40.
Rexd5 Rxd5 41. Qxd5 Rc1+ 42. Rd1 Rxd1+ 43. Qxd1 Qc4 44. Qd6 g5 45. Qe7 1/2-1/2

[Event "FRA T II 20102011"]
[Site "FRA"]
[Date "2010.11.14"]
[Round "3.7"]
[White "Salaun, Nicolas"]
[Black "Maubert, Nicolas"]
[Result "0-1"]
[WhiteElo "2113"]
[BlackElo "2041"]
[PlyCount "92"]
[EventDate "2010.11.13"]
[EventType "team-match"]
[EventRounds "9"]
[EventCountry "FRA"]
[Source "FFE"]
[SourceDate "2010.10.29"]
[BlackTeamCountry "FRA"]

1. d4 Nf6 2. c4 e6 3. Nf3 d5 4. Nc3 Be7 5. cxd5 exd5 6. Bg5 c6 7. Qc2 O-O 8. e3
Nbd7 9. Bd3 Re8 10. h3 Nf8 11. O-O Ng6 12. Rab1 Bd6 13. b4 a6 14. a4 h6 15.
Bxg6 fxg6 16. Bf4 Bf5 17. Qd2 Bxb1 18. Rxb1 Ne4 19. Qd3 Bxf4 20. exf4 Qf6 21.
Ne2 Qf5 22. Ne5 Nd6 23. Qd1 Nc4 24. Rc1 Nxe5 25. fxe5 Rf8 26. f3 Qg5 27. Rc3
Qe7 28. Qb3 Kh7 29. f4 Qh4 30. Qb1 Qe7 31. Rf3 a5 32. bxa5 Rxa5 33. f5 Rxa4 34.
fxg6+ Kg8 35. Rxf8+ Kxf8 36. Qf5+ Kg8 37. Qc8+ Qf8 38. Qe6+ Kh8 39. Qf7 Ra1+
40. Kf2 Ra8 41. Nf4 b5 42. e6 b4 43. e7 Qg8 44. Nd3 b3 45. g4 Qb8 46. Ke1 Qg3+
0-1

[Event "FRA T II 20102011"]
[Site "FRA"]
[Date "2010.11.14"]
[Round "3.8"]
[White "Gatine, Aurelia"]
[Black "Prieur, Emilie"]
[Result "1-0"]
[WhiteElo "1971"]
[BlackElo "1693"]
[PlyCount "23"]
[EventDate "2010.11.13"]
[EventType "team-match"]
[EventRounds "9"]
[EventCountry "FRA"]
[Source "FFE"]
[SourceDate "2010.10.29"]
[BlackTeamCountry "FRA"]

1. e4 c5 2. Nf3 Nc6 3. Bb5 d6 4. Bxc6+ bxc6 5. O-O g6 6. d4 cxd4 7. Qxd4 Nf6 8.
e5 Nd5 9. exd6 Nf6 10. Re1 Qb6 11. Qxf6 Rg8 12. Rxe7+ 1-0

[Event "FRA T II 20102011"]
[Site "FRA"]
[Date "2010.11.14"]
[Round "3.1"]
[White "Gantner, Ludovic"]
[Black "Vareille, Francois"]
[Result "0-1"]
[WhiteElo "2198"]
[BlackElo "2381"]
[PlyCount "60"]
[EventDate "2010.11.13"]
[EventType "team-match"]
[EventRounds "9"]
[EventCountry "FRA"]
[Source "FFE"]
[SourceDate "2010.10.29"]
[BlackTeamCountry "FRA"]

1. d4 Nf6 2. c4 Nc6 3. Nc3 e5 4. d5 Ne7 5. e4 Ng6 6. Be3 Bb4 7. Bd3 Bxc3+ 8.
bxc3 d6 9. Ne2 Ng4 10. Bc1 Qh4 11. Ng3 Nf4 12. Kf1 O-O 13. Be2 f5 14. Bxg4 fxg4
15. Be3 b6 16. Ne2 Nxe2 17. Kxe2 a5 18. Kd3 Qh5 19. h3 Qg6 20. hxg4 Bxg4 21. f3
Bc8 22. Rh2 Ba6 23. Qa4 c6 24. Qxc6 Rfc8 25. Qxb6 Bxc4+ 26. Kc2 Bxd5 27. Rd1
Rc6 28. Qb5 Bxe4+ 29. fxe4 Qxe4+ 30. Qd3 Rxc3+ 0-1

[Event "FRA T II 20102011"]
[Site "FRA"]
[Date "2010.11.14"]
[Round "3.2"]
[White "Magnier, Hugues"]
[Black "Kornman, Serge"]
[Result "1-0"]
[WhiteElo "2300"]
[BlackElo "2126"]
[PlyCount "81"]
[EventDate "2010.11.13"]
[EventType "team-match"]
[EventRounds "9"]
[EventCountry "FRA"]
[Source "FFE"]
[SourceDate "2010.10.29"]
[BlackTeamCountry "FRA"]

1. d4 e6 2. Nf3 f5 3. g3 Nf6 4. Bg2 d5 5. O-O Bd6 6. c4 c6 7. b3 Qe7 8. a4 a5
9. Ba3 b6 10. Ne5 Bb7 11. Qc2 O-O 12. e3 Na6 13. Rc1 Rac8 14. Bxd6 Qxd6 15. Na3
Nd7 16. Nd3 Nb4 17. Qd2 Nxd3 18. Qxd3 Ba6 19. Qc3 Nf6 20. c5 Qb8 21. Rab1 Ne4
22. Qe1 Bd3 23. Rb2 bxc5 24. f3 Nf6 25. Rxc5 Qb4 26. Qxb4 axb4 27. Nc2 Nd7 28.
Nxb4 Nxc5 29. dxc5 Be4 30. fxe4 fxe4 31. Bh3 Rf6 32. Na6 Ra8 33. Nc7 Ra7 34.
Nxe6 Kf7 35. Nd4 Re7 36. Rf2 Rc7 37. Rxf6+ Kxf6 38. Bf1 Ke7 39. Kf2 Kd7 40.
Bh3+ Kd8 41. Ne6+ 1-0

[Event "FRA T II 20102011"]
[Site "FRA"]
[Date "2010.11.14"]
[Round "3.3"]
[White "Leclercq, Benoit"]
[Black "Van Dongen, Patrick"]
[Result "0-1"]
[WhiteElo "2091"]
[BlackElo "2303"]
[PlyCount "49"]
[EventDate "2010.11.13"]
[EventType "team-match"]
[EventRounds "9"]
[EventCountry "FRA"]
[Source "FFE"]
[SourceDate "2010.10.29"]
[BlackTeamCountry "FRA"]

1. d4 Nf6 2. c4 c5 3. e4 g6 4. Nf3 Bg7 5. Nc3 O-O 6. Be2 d5 7. dxc5 Qa5 8. O-O
dxc4 9. Qa4 Qxc5 10. Qxc4 Qxc4 11. Bxc4 Nc6 12. Bd2 Bg4 13. Be2 Rfd8 14. Rfd1
Nb4 15. h3 Bd7 16. a3 Nc6 17. b4 Be6 18. Be1 Nd5 19. Rac1 Nb6 20. Nb5 Rxd1 21.
Rxd1 Rc8 22. Nbd4 Nxd4 23. Nxd4 Bc4 24. Bf3 e5 25. Ne2 0-1

[Event "FRA T II 20102011"]
[Site "FRA"]
[Date "2010.11.14"]
[Round "3.4"]
[White "Matrand, Arnaud"]
[Black "Mondon, Fabrice"]
[Result "1-0"]
[WhiteElo "2115"]
[BlackElo "2022"]
[PlyCount "65"]
[EventDate "2010.11.13"]
[EventType "team-match"]
[EventRounds "9"]
[EventCountry "FRA"]
[Source "FFE"]
[SourceDate "2010.10.29"]
[BlackTeamCountry "FRA"]

1. d4 Nf6 2. c4 e6 3. Nf3 c5 4. Nc3 cxd4 5. Nxd4 Bb4 6. Ndb5 d6 7. a3 Bxc3+ 8.
bxc3 O-O 9. Qxd6 Nc6 10. Qxd8 Rxd8 11. e3 e5 12. f3 e4 13. c5 Ne5 14. Nd4 Bd7
15. c4 Rac8 16. Bb2 Ba4 17. Nf5 Rxc5 18. Ne7+ Kf8 19. Bd4 Ra5 20. Bc3 Ra6 21.
Nd5 Nxd5 22. cxd5 Nd3+ 23. Kd2 Nf2 24. Bxa6 Rxd5+ 25. Bd4 Nxh1 26. Bxb7 Rd7 27.
Bxe4 Nf2 28. Bf5 Rc7 29. Rf1 g6 30. Bb1 Rb7 31. Ba2 Rc7 32. Bb1 Rb7 33. Bc2 1-0